| 000 | 00454nam a2200193Ia 4500 | ||
|---|---|---|---|
| 008 | 210210b2012 xxu||||| |||| 00| 0 eng d | ||
| 041 | _aeng | ||
| 082 | _a001.6424C REDD | ||
| 100 | _aREDDY (A M Padma) | ||
| 245 | _aData structures using C | ||
| 260 |
_aBangalore _bSri Nandi Publications _c2012 |
||
| 300 | _a474 | ||
| 650 | _ausing | ||
| 650 | _astructures | ||
| 650 | _aData | ||
| 650 | _aC | ||
| 690 | _aComputer Science | ||
| 906 | _a068972 | ||
| 999 |
_c153064 _d153064 |
||